[Event "Bad-Woerishofen sen"]
[Site "?"]
[Date "2010.03.07"]
[Round "2.14"]
[White "Diete, Guenter"]
[Black "Mann, Klaus-Dieter"]
[Result "0-1"]
[WhiteElo "1957"]
[BlackElo "2088"]
[PlyCount "140"]
[EventDate "2010.??.??"]

1. e4 e5 2. Nf3 d6 3. Bc4 Be7 4. h3 c6 5. O-O Nf6 6. Re1 O-O 7. c3 Qc7 8. d3 a5
9. a4 Nbd7 10. Na3 Nc5 11. Be3 Ne6 12. Qb3 Bd8 13. Nd2 Rb8 14. Qa2 Nh5 15. d4
Nhf4 16. d5 Nc5 17. Bxf4 exf4 18. Nc2 Nd7 19. Nf3 Bf6 20. Ncd4 Ne5 21. Nxe5
Bxe5 22. Nf3 Qe7 23. Rad1 c5 24. Bb5 g5 25. Nh2 Kg7 26. Be2 Kg6 27. f3 h5 28.
Rd2 Qc7 29. Qb1 Bd7 30. Bc4 Bxa4 31. Ree2 Bd7 32. Qe1 Rh8 33. Nf1 b5 34. Bd3 c4
35. Bb1 Qb6+ 36. Qf2 Kg7 37. Qxb6 Rxb6 38. Rc2 a4 39. Ba2 Rbb8 40. Nd2 Rh6 41.
Kf2 Rg6 42. Rc1 Kf6 43. Rh1 Rbg8 44. Ree1 Ke7 45. Reg1 Rh8 46. Ke2 Rgh6 47. Bb1
Kd8 48. Kd1 Kc7 49. Kc2 Kb6 50. Ba2 Kc5 51. Rd1 g4 52. hxg4 hxg4 53. Rxh6 Rxh6
54. Rf1 g3 55. Re1 Bc8 56. Kd1 Ba6 57. Nb1 b4 58. cxb4+ Kxb4 59. Kc2 Bb5 60.
Rd1 Rh2 61. Rd2 Rh1 62. Re2 f6 63. Rd2 Rg1 64. Nc3 Ba6 65. Nb1 Rf1 66. Nc3 a3
67. bxa3+ Kxa3 68. Bb1 Bxc3 69. Kxc3 Rxb1 70. Rb2 Rxb2 0-1

[Event "Bad-Woerishofen sen"]
[Site "?"]
[Date "2010.03.07"]
[Round "2.19"]
[White "Fels, Karl-Heinz"]
[Black "Erhart, Uwe"]
[Result "0-1"]
[WhiteElo "1945"]
[BlackElo "2056"]
[PlyCount "96"]
[EventDate "2010.??.??"]

1. e4 d5 2. exd5 Qxd5 3. Nc3 Qa5 4. d4 Nf6 5. Nf3 c6 6. Bd2 Bf5 7. Bc4 e6 8.
O-O Bb4 9. a3 Bxc3 10. Bxc3 Qc7 11. Re1 O-O 12. Nh4 Bg4 13. Be2 Bxe2 14. Qxe2
Nbd7 15. Rad1 Rfe8 16. Nf3 Nd5 17. Bd2 Nf4 18. Qe4 Ng6 19. c4 Nf6 20. Qc2 h6
21. b4 e5 22. dxe5 Nxe5 23. Nxe5 Rxe5 24. Bc3 Rxe1+ 25. Rxe1 Re8 26. Rxe8+ Nxe8
27. Qf5 Qe7 28. Qd3 f6 29. Kf1 Kf7 30. h3 Qe6 31. Bd2 Nd6 32. c5 Nc4 33. Be3
Nxe3+ 34. Qxe3 Qxe3 35. fxe3 Ke6 36. Ke2 Kd5 37. Kd3 f5 38. h4 g6 39. g3 g5 40.
hxg5 hxg5 41. a4 g4 42. e4+ fxe4+ 43. Ke3 a6 44. a5 Ke5 45. Ke2 Kd4 46. Kd2 e3+
47. Ke2 Ke4 48. Ke1 Kf3 0-1

[Event "Bad-Woerishofen sen"]
[Site "?"]
[Date "2010.03.07"]
[Round "2.22"]
[White "Hommann, Horst"]
[Black "Walther, Diethelm"]
[Result "0-1"]
[WhiteElo "1892"]
[BlackElo "2147"]
[PlyCount "88"]
[EventDate "2010.??.??"]

1. Nf3 d5 2. d4 Bf5 3. c4 e6 4. Nc3 c6 5. Qb3 b6 6. cxd5 exd5 7. Bf4 Bd6 8.
Bxd6 Qxd6 9. e3 Nf6 10. Be2 O-O 11. O-O Nbd7 12. Rac1 Rac8 13. Rfd1 Rfe8 14. a3
Re7 15. Nb5 Qb8 16. Qb4 Re6 17. Nc3 h6 18. h3 a5 19. Qb3 b5 20. Qa2 Rce8 21.
Bf1 g5 22. Ne2 Be4 23. Ng3 Bxf3 24. gxf3 Rxe3 25. Rxc6 Rxf3 26. Bg2 Rxg3 27.
fxg3 Re2 28. Qb3 Qe8 29. Qc3 Rxg2+ 30. Kxg2 Qe2+ 31. Kg1 Qxd1+ 32. Kg2 Qe2+ 33.
Kg1 Ne4 34. Qc2 Qe1+ 35. Kg2 Qxg3+ 36. Kf1 Qxh3+ 37. Qg2 Qd3+ 38. Ke1 Qb1+ 39.
Ke2 Qxb2+ 40. Kf1 Qxd4 41. Qc2 Kg7 42. Rc7 Ne5 43. Rc8 Ng4 44. Re8 Ne3+ 0-1

[Event "Bad-Woerishofen sen"]
[Site "?"]
[Date "2010.03.07"]
[Round "2.29"]
[White "Narr, Irmgard"]
[Black "Rahn, Oskar"]
[Result "0-1"]
[WhiteElo "1742"]
[BlackElo "2118"]
[PlyCount "126"]
[EventDate "2010.??.??"]

1. e4 e5 2. Nf3 Nc6 3. Bc4 Be7 4. c3 Nf6 5. d3 d6 6. Be3 O-O 7. O-O Na5 8. Bb5
a6 9. Ba4 b5 10. Bc2 c5 11. Nbd2 Bb7 12. Nb3 Nc6 13. Qe2 h6 14. Rad1 Qc7 15. a3
Rac8 16. Bb1 Nd8 17. Ba2 Ne6 18. Nbd2 d5 19. exd5 Nxd5 20. Ne4 f5 21. Ned2 f4
22. Bxc5 Nxc5 23. Nxe5 Bd6 24. d4 Bxe5 25. dxc5 Rcd8 26. Nf3 Bf6 27. Qe6+ Qf7
28. Qxf7+ Rxf7 29. Rfe1 Kf8 30. Nd4 Bxd4 31. cxd4 Re7 32. Kf1 Rxe1+ 33. Rxe1
Re8 34. Rd1 Bc6 35. Rd2 g5 36. f3 Ne3+ 37. Kf2 Rd8 38. b3 Nf5 39. Bb1 Rxd4 40.
Re2 Ne3 41. Bc2 b4 42. a4 a5 43. g3 Bb7 44. gxf4 gxf4 45. Be4 Bxe4 46. fxe4
Rxe4 47. Kf3 Rd4 48. h4 Ke7 49. Re1 Rd1 50. Re2 Rf1+ 51. Ke4 Ke6 52. Rd2 Rd1
53. Re2 Nd5 54. Kf3+ Kf5 55. Re8 Rd3+ 56. Kf2 Rxb3 57. c6 Rc3 58. Rd8 Ke4 59.
Re8+ Kd4 60. Re6 b3 61. Re1 b2 62. Rb1 Rc2+ 63. Ke1 Rc1+ 0-1

[Event "Bad-Woerishofen sen"]
[Site "?"]
[Date "2010.03.07"]
[Round "2.46"]
[White "Collins, Alan"]
[Black "Gestrich, Wolfgang Pr"]
[Result "1-0"]
[WhiteElo "1871"]
[BlackElo "1671"]
[PlyCount "91"]
[EventDate "2010.??.??"]

1. d4 Nf6 2. Nf3 g6 3. Nc3 d6 4. e4 Bg4 5. Be2 Nbd7 6. h3 Bxf3 7. Bxf3 e5 8. d5
Bg7 9. Bg5 O-O 10. Qd2 Qb8 11. Bh6 c5 12. dxc6 bxc6 13. Bxg7 Kxg7 14. O-O-O Nb6
15. Qxd6 Nc4 16. Qxb8 Raxb8 17. b3 Nb6 18. Be2 Rfd8 19. f3 Rd4 20. Ba6 Nfd7 21.
Ne2 Rxd1+ 22. Rxd1 Nc5 23. Bd3 Rd8 24. Nc3 Nxd3+ 25. Rxd3 Rxd3 26. cxd3 a5 27.
a4 h5 28. Nd1 Kf6 29. h4 g5 30. g3 Kg6 31. Ne3 gxh4 32. gxh4 f6 33. Kc2 Kf7 34.
Kc3 Kg6 35. Nc4 Nd5+ 36. exd5 cxd5 37. Nxa5 d4+ 38. Kd2 Kf5 39. Nc6 Ke6 40. b4
Kd7 41. b5 Kc7 42. a5 Kb7 43. a6+ Kb6 44. Ne7 Ka7 45. Nf5 Kb6 46. Ng3 1-0

[Event "Bad-Woerishofen sen"]
[Site "?"]
[Date "2010.03.07"]
[Round "2.53"]
[White "Jung, Michael Prof"]
[Black "Bartl, Birgit"]
[Result "1-0"]
[WhiteElo "1826"]
[BlackElo "1553"]
[PlyCount "100"]
[EventDate "2010.??.??"]

1. c4 e5 2. Nc3 g6 3. e4 Bg7 4. g3 Nf6 5. Bg2 O-O 6. Nge2 Nc6 7. O-O d6 8. h3
a6 9. d3 Rb8 10. Be3 b5 11. b3 Bb7 12. cxb5 axb5 13. Nxb5 Ne7 14. Nbc3 d5 15.
exd5 Nfxd5 16. Nxd5 Bxd5 17. Rc1 Bxg2 18. Kxg2 Qd5+ 19. Kh2 Rbc8 20. Nc3 Qe6
21. Qd2 f5 22. Bh6 Nc6 23. Bxg7 Kxg7 24. Rfe1 Nd4 25. Qe3 Qf7 26. Qxe5+ Qf6 27.
Qxf6+ Kxf6 28. Kg2 c6 29. Ne2 Ne6 30. Rc2 Rfd8 31. Rd1 c5 32. Rcd2 Nd4 33. Nxd4
Rxd4 34. f4 g5 35. fxg5+ Kxg5 36. Kf3 h5 37. h4+ Kf6 38. Re2 Rcd8 39. Re3 Ra8
40. Rd2 Rg8 41. Rc2 Rdg4 42. Kf2 f4 43. Rf3 Rxg3 44. Rxg3 Rxg3 45. Rxc5 Rxd3
46. Rxh5 Rd2+ 47. Kf3 Rxa2 48. Rb5 Kg6 49. Kxf4 Rh2 50. h5+ Kh6 1-0